| 000 | 00641nam a2200229Ia 4500 | ||
|---|---|---|---|
| 005 | 20241129104319.0 | ||
| 008 | 241129s9999||||xx |||||||||||||| ||und|| | ||
| 020 | _a9789356401280 | ||
| 037 | _aTextual | ||
| 040 |
_aRTL _beng _cRTL |
||
| 041 |
_aeng _2eng |
||
| 084 |
_aX:8:(S:44) P7;R1/TD _qRTL |
||
| 100 | _aBratton John | ||
| 245 | 0 |
_aWork and organizational behaviour _cBratton John |
|
| 250 | _a4th | ||
| 260 |
_aNew Delhi _bBloomsbury _c2022 |
||
| 300 | _axxxi,596p. | ||
| 365 |
_aINR _b999 |
||
| 650 |
_aOrganizational Behavior _9701699 |
||
| 942 |
_cTB _hX:8:(S:44) P7;R1/TD |
||
| 999 |
_c1225349 _d1225349 |
||